000 00643nam a2200229Ia 4500
003 OSt
005 20220923225958.0
006 a|||||r|||| 00| 0
007 ta
008 Pun
024 _a276,491
037 _cTextual
040 _aARTS
_cARTS
_bPun
041 _2Pun
_aPun
082 _aY73(P153):351, 153J5
100 _aਬੇਦੀ, ਵਣਜਾਰਾ
_9156291
245 0 _aਪੰਜਾਬੀ ਦੀਆਂ ਜਨੌਰ ਕਹਾਣੀਆਂ
260 _c1955
650 _aਸਮਾਜ Fਾਸਤਰ
942 _hY73(P153):351, 153J5
_cTEXL
_2CC
999 _c381748
_d381748